Microprocessors : (Record no. 176132)

000 -LEADER
fixed length control field 00762 a2200193 4500
003 - CONTROL NUMBER IDENTIFIER
control field Nust
005 - DATE AND TIME OF LATEST TRANSACTION
control field 20221128165915.0
010 ## - LIBRARY OF CONGRESS CONTROL NUMBER
LC control number 75021855
020 ## - INTERNATIONAL STANDARD BOOK NUMBER
International Standard Book Number 0810457776 :
040 ## - CATALOGING SOURCE
Transcribing agency Nust
082 00 - DEWEY DECIMAL CLASSIFICATION NUMBER
Classification number 621.3815,MIC
245 00 - TITLE STATEMENT
Title Microprocessors :
Remainder of title new directions for designers, selected from Electronic design /
Statement of responsibility, etc. edited by Edward A. Torrero.
260 ## - PUBLICATION, DISTRIBUTION, ETC.
Place of publication, distribution, etc. Rochelle Park, N.J. :
Name of publisher, distributor, etc. Hayden Book Co.,
Date of publication, distribution, etc. c1975.
300 ## - PHYSICAL DESCRIPTION
Extent 135 p. :
Other physical details ill. ;
Dimensions 28 cm.
505 ## - FORMATTED CONTENTS NOTE
Formatted contents note Industry Enters The Microprocessor Era (Page-3), Getting Started: Microprocessor Basics (Page-33), Grappling With Microprocessor Limitations (Page-81), Applying Microprocessors (Page-105).
650 #0 - SUBJECT ADDED ENTRY--TOPICAL TERM
Topical term or geographic name entry element Telecommunication engineering
700 1# - ADDED ENTRY--PERSONAL NAME
Personal name Torrero, Edward A.
9 (RLIN) 103731
942 ## - ADDED ENTRY ELEMENTS (KOHA)
Source of classification or shelving scheme
Koha item type Book
Holdings
Withdrawn status Lost status Source of classification or shelving scheme Damaged status Not for loan Permanent Location Current Location Shelving location Date acquired Full call number Barcode Date last seen Price effective from Koha item type Public note
          Military College of Signals (MCS) Military College of Signals (MCS) General Stacks 12/12/2016 621.3815,MIC MCS3460 12/08/2016 12/12/2016 Book Almirah No.33, Shelf No.1
          Military College of Signals (MCS) Military College of Signals (MCS)   12/12/2016 621.3815,MIC MCS3461 12/08/2016 12/12/2016 Book Almirah No.33, Shelf No.1
© 2023 Central Library, National University of Sciences and Technology. All Rights Reserved.